Moons in the Solar System - Statistics

General Stats
  • This quiz has been taken 48 times
  • The average score is 38 of 155
Answer Stats
Planet + Numeral Moon % Correct
Earth I Moon
92%
Saturn VI Titan
88%
Jupiter II Europa
85%
Jupiter I Io
77%
Jupiter III Ganymede
73%
Mars I Phobos
73%
Mars II Deimos
69%
Neptune I Triton
65%
Jupiter IV Callisto
58%
Pluto I Charon
58%
Saturn II Enceladus
50%
Saturn VII Hyperion
50%
Uranus IV Oberon
50%
Uranus I Ariel
46%
Uranus V Miranda
46%
Saturn V Rhea
46%
Uranus III Titania
46%
Uranus II Umbriel
46%
Saturn VIII Iapetus
42%
Neptune VII Larissa
42%
Saturn I Mimas
42%
Neptune II Nereid
42%
Pluto II Nix
42%
Saturn IV Dione
38%
Eris I Dysnomia
38%
Jupiter VII Elara
38%
Pluto III Hydra
38%
Neptune III Naiad
38%
Saturn IX Phoebe
38%
Saturn XVI Prometheus
38%
Pluto V Styx
38%
Saturn III Tethys
38%
Saturn XV Atlas
35%
Saturn XIV Calypso
35%
Uranus XI Juliet
35%
Jupiter XIII Leda
35%
Uranus VII Ophelia
35%
Neptune VIII Proteus
35%
Uranus XV Puck
35%
Neptune XI Sao
35%
Jupiter V Amalthea
31%
Uranus XXIV Ferdinand
31%
Pluto IV Kerberos
31%
Jupiter XVI Metis
31%
Saturn XVIII Pan
31%
Saturn XVII Pandora
31%
Neptune IV Thalassa
31%
Uranus XIV Belinda
27%
Uranus VI Cordelia
27%
Uranus IX Cressida
27%
Uranus X Desdemona
27%
Saturn XI Epimetheus
27%
Uranus XXII Francisco
27%
Neptune VI Galatea
27%
Haumea I Hi'iaka
27%
Jupiter VI Himalia
27%
Saturn X Janus
27%
Haumea II Namaka
27%
Neptune XIII Neso
27%
Uranus XII Portia
27%
Jupiter XIV Thebe
27%
Saturn XIX Ymir
27%
Jupiter XV Adrastea
23%
Jupiter XI Carme
23%
Uranus XXVII Cupid
23%
Neptune XII Laomedeia
23%
Uranus XXIII Margaret
23%
Jupiter VIII Pasiphae
23%
Uranus XIII Rosalind
23%
Jupiter XII Ananke
19%
Uranus VIII Bianca
19%
Neptune V Despina
19%
Saturn XLI Fenrir
19%
Neptune IX Halimede
19%
Jupiter X Lysithea
19%
Uranus XXVI Mab
19%
Jupiter XIX Megaclite
19%
Uranus XVIII Prospero
19%
Neptune X Psamathe
19%
Uranus XVI Caliban
15%
Jupiter XVII Callirrhoe
15%
Saturn XXXV Daphnis
15%
Jupiter XXV Erinome
15%
Jupiter XXXII Eurydome
15%
Saturn XLII Fornjot
15%
Saturn XII Helene
15%
Jupiter XXX Hermippe
15%
Jupiter XXIV Iocaste
15%
Jupiter XXXVII Kale
15%
Jupiter XLIX Kore
15%
Saturn XXXII Methone
15%
Jupiter XL Mneme
15%
Saturn XX Paaliaq
15%
Jupiter XXXVIII Pasithee
15%
Uranus XIX Setebos
15%
Saturn XXIX Siarnaq
15%
Jupiter IX Sinope
15%
Uranus XX Stephano
15%
Uranus XVII Sycorax
15%
Saturn XIII Telesto
15%
Uranus XXI Trinculo
15%
Saturn LIII Aegaeon
12%
Saturn XXXVI Aegir
12%
Saturn XXVI Albiorix
12%
Jupiter XLI Aoede
12%
Saturn XXXVII Bebhionn
12%
Saturn XXXVIII Bergelmir
12%
Saturn XXXIX Bestla
12%
Jupiter XLVI Carpo
12%
Jupiter XXI Chaldene
12%
Jupiter XLVIII Cyllene
12%
Jupiter LIII Dia
12%
Saturn XXVIII Erriapus
12%
Jupiter XXXIII Euanthe
12%
Jupiter XXXIV Euporie
12%
Saturn LI Greip
12%
Jupiter XXII Harpalyke
12%
Saturn XLIII Hati
12%
Jupiter L Herse
12%
Saturn XLIV Hyrrokkin
12%
Saturn XXII Ijiraq
12%
Jupiter XXVI Isonoe
12%
Jupiter XLIV Kallichore
12%
Jupiter XXIII Kalyke
12%
Saturn XXIV Kiviuq
12%
Uranus XXV Perdita
12%
Saturn XXXIV Polydeuces
12%
Jupiter XXVII Praxidike
12%
Saturn XXVII Skathi
12%
Saturn XLVII Skoll
12%
Saturn XLVIII Surtur
12%
Saturn XXIII Suttungr
12%
Saturn LII Tarqeq
12%
Jupiter XX Taygete
12%
Jupiter XVIII Themisto
12%
Saturn XXX Thrymr
12%
Jupiter XXXI Aitne
8%
Saturn XLIX Anthe
8%
Jupiter XLIII Arche
8%
Jupiter XXVIII Autonoe
8%
Jupiter XLVII Eukelade
8%
Saturn XL Farbauti
8%
Jupiter XXXIX Hegemone
8%
Jupiter XLV Helike
8%
Saturn L Jarnsaxa
8%
Saturn XLVI Loge
8%
Saturn XXXI Narvi
8%
Jupiter XXXV Orthosie
8%
Jupiter XXXVI Sponde
8%
Saturn XXI Tarvos
8%
Jupiter XLII Thelxinoe
8%
Jupiter XXIX Thyone
8%
Saturn XLV Kari
4%
Saturn XXV Mundilfari
4%
Saturn XXXIII Pallene
4%
No matching quizzes found
Score Distribution
Percent of People with Each Score
Percentile by Number Answered
Your Score History
You have not taken this quiz